| 000 | 00394nam a2200157Ia 4500 | ||
|---|---|---|---|
| 008 | 230711s9999||||xx |||||||||||||| ||und|| | ||
| 041 | _aENG | ||
| 082 |
_a720 _bMA-L |
||
| 100 | _aMarsh,William M | ||
| 245 | 0 | _aLandscape planning environmental applications | |
| 250 | _a5th Ed. | ||
| 260 |
_c2010 _aNew Jersey _bJohn Wiley & Sons.Inc |
||
| 300 | _a511 | ||
| 650 | _aArchitecture | ||
| 942 | _cBK | ||
| 999 |
_c5407 _d5407 |
||